000 00572nam a22001937a 4500
005 20251108173643.0
008 250721s2002 xx 000 0 ara d
082 1 4 _aم/ط/903/موس
100 1 _aأنطونيوس، فريد
_eمترجم
245 1 0 _aموسوعة لاروس : تاريخ العالم /
264 1 _aبيروت :
_bعويدات،
_c2002.
300 _a95ص.
490 0 _aشبابنا
650 1 7 _aالتاريخ
650 1 7 _aتاريخ العالم
653 _aناشئون كبار (15-18) سنة
942 _2ddc
_cREF
999 _c109152
_d109152